000 01052nam a22002417a 4500
999 _c63480
_d63480
005 20240530110643.0
008 171026s2016 ua f 000 0 ara d
017 _a2015/17225
_bمصر. دار الكتب
020 _a9789773506797
040 _aEG-CaGPL
_cEG-CaGPL
082 0 4 _221
_a320.965 /
_bع ت
100 0 _aعبدالنور ناجى
245 1 0 _aتحليل السياسة العامة للدولة :
_bتاثر السياسة التشغيلية للدولة بالوضع السياسى و الايديولوجى : الجزائر نموذجا /
_cاعدا عبدالنور ناجى ، مبروك ساحلى
250 _aط. 1
260 _aالقاهرة :
_bدار الكتاب الحديث ،
_c2016.
300 _a325 ص. ؛
_c24 سم.
650 0 7 _2qrmak
_aالعلاقات الخارجية
650 0 7 _2qrmak
_aالنظم السياسية
651 0 7 _2qrmak
_aالجزائر
_xالاحوال السياسية
700 0 _aمبروك ساحلى
_eمعد
942 _2ddc
_cBK